Countries by their Former Names - Statistics

General Stats
  • This quiz has been taken 452 times
    447 since last reset
  • The average score is 18 of 23
Answer Stats
Former Name/Country Location Answer % Correct
East & West Germany Central Europe Germany
99%
Czechoslovakia Central Europe Czech Republic
98%
Czechoslovakia Central Europe Slovakia
97%
Yugoslavia Southern Europe Croatia
95%
Yugoslavia Southern Europe Bosnia & Herzegovina
94%
Yugoslavia Southern Europe Serbia
94%
Yugoslavia Southern Europe Montenegro
91%
Yugoslavia Southern Europe Slovenia
91%
Yugoslavia Southern Europe Macedonia (FYROM)
90%
Persia Middle-East/Western Asia Iran
89%
Union of South Africa Southern Africa South Africa
88%
East Pakistan Eastern Asia Bangladesh
82%
Zaire Central Africa Democratic Republic of the Congo
79%
Burma South-Eastern Asia Myanmar
78%
(Southern) Rhodesia Southern Africa Zimbabwe
78%
Northern Rhodesia Southern Africa Zambia
75%
Tanganyika East Africa Tanzania
73%
Kemet North-East Africa Egypt
66%
United Arab Republic Middle-East Egypt
64%
United Arab Republic Middle-East Syria
62%
Upper Volta North-West Africa Burkina Faso
58%
Bechuanaland Southern Africa Botswana
55%
Basutoland Southern Africa Lesotho
52%
No matching quizzes found
Score Distribution
Percent of People with Each Score
Percentile by Number Answered
Your Score History
You have not taken this quiz since the last reset